000 00729nam a2200241 i 4500
001 C2-0305342
003 PPAK
005 20180728090552.0
008 100815s2007 nyua|||| ||||| | eng d
020 _a9781404209671
040 _aPPAK
_beng
_cPPAK
_erda
082 0 4 _a796.32363
_223
090 0 0 _a796.32363
_bHOF
_dRLCK
100 1 _aHofstetter, Adam B.,
_eauthor
245 1 0 _aOlympic basketball
_bgreat moments in olympic history
264 1 _aNew York :
_bRosen Central ,
_c2007
300 _a48 pages :
_bcolour illustrations ;
_c26 cm.
336 _2rdacontent
_atext
337 _2rdamedia
_aunmediated
338 _2rdacarrier
_avolume
650 1 0 _aBasketball - History - Juvenile literature.
942 _ddc
_cB
999 _c108349
_d108349